000 00367nam a2200133Ia 4500
005 20260328104256.0
008 260328s9999||||xx |||||||||||||| ||und||
100 _aMehrotra, Rahul
245 0 _aExtreme Urbanism :
_b Reimagining Mumbai ´s Back Bay /
_cRahul Mehrotra
260 _bGraduate School of Desing
300 _a282 p.
650 _aURBANISMO
942 _cBK
999 _c10449
_d10449